Statystyki dla Wymień zmysły w kilka sekund

Kliknij tutaj aby rozwiązać quiz!

Ogólne statystyki

  • Ten quiz został rozwiązany 61 razy
  • Średni wynik to 5 z 5

Statystyki odpowiedzi

Odpowiedź% Poprawnych
Smak
96%
Węch
94%
Dotyk
89%
Wzrok
87%
Słuch
85%

Rozkład punktacji

Percentyl według liczby udzielonych odpowiedzi

Procent ludzi z każdym wynikiem

Twoja historia wyników

Nie rozwiązałeś tego quizu